<?xml version="1.0" encoding="UTF-8"?><?xml-stylesheet type="text/xsl" href="static/style.xsl"?><OAI-PMH xmlns="http://www.openarchives.org/OAI/2.0/" xmlns:xsi="http://www.w3.org/2001/XMLSchema-instance" xsi:schemaLocation="http://www.openarchives.org/OAI/2.0/ http://www.openarchives.org/OAI/2.0/OAI-PMH.xsd"><responseDate>2026-06-03T23:33:24Z</responseDate><request verb="GetRecord" identifier="oai:riuma.uma.es:10630/36317" metadataPrefix="marc">https://riuma.uma.es/rest/oai/request</request><GetRecord><record><header><identifier>oai:riuma.uma.es:10630/36317</identifier><datestamp>2026-02-03T11:38:33Z</datestamp><setSpec>com_10630_2254</setSpec><setSpec>col_10630_37956</setSpec></header><metadata><record xmlns="http://www.loc.gov/MARC21/slim" xmlns:dcterms="http://purl.org/dc/terms/" xmlns:doc="http://www.lyncode.com/xoai" xmlns:xsi="http://www.w3.org/2001/XMLSchema-instance" xsi:schemaLocation="http://www.loc.gov/MARC21/slim http://www.loc.gov/standards/marcxml/schema/MARC21slim.xsd">
   <leader>00925njm 22002777a 4500</leader>
   <datafield ind2=" " ind1=" " tag="042">
      <subfield code="a">dc</subfield>
   </datafield>
   <datafield ind2=" " ind1=" " tag="720">
      <subfield code="a">Bautista-Hernáez, Andrés</subfield>
      <subfield code="e">author</subfield>
   </datafield>
   <datafield ind2=" " ind1=" " tag="260">
      <subfield code="c">2019</subfield>
   </datafield>
   <datafield ind2=" " ind1=" " tag="520">
      <subfield code="a">La participación de las Fuerzas Armadas en la respuesta a catástrofes ha ido aumentando en los últimos años. Su implicación en tareas propias de la protección civil está motivada por las capacidades específicas en materia de asistencia de que gozan los ejércitos, así como para poder garantizar la seguridad del personal humanitario. Sin embargo, el marco jurídico europeo aplicable a las relaciones de cooperación civil y militar se muestra escaso y deficiente. Por ello, y ante la escasez de estudios dedicados a esta materia, resulta necesario abordar un análisis desde el ámbito del Derecho Internacional de los distintos interrogantes jurídicos que plantea la participación militar en diversas tareas.</subfield>
   </datafield>
   <datafield ind1="8" ind2=" " tag="024">
      <subfield code="a">BAUTISTA-HERNÁEZ, A., “La participación de las Fuerzas Armadas en situaciones de catástrofe en el ámbito de la Unión Europea”, en GARCÍA RICO, E.M., TORRES CAZORLA, M.I. (Dir), BAUTISTA-HERNÁEZ, A., PASTOR GARCÍA, A.M. (coord),Hacia una Identidad Europea en materia de Seguridad y Defensa: ¿Realidad o Utopía?, Tirant lo Blanch, 287-317.</subfield>
   </datafield>
   <datafield ind1="8" ind2=" " tag="024">
      <subfield code="a">978-84-1313-072-9</subfield>
   </datafield>
   <datafield ind1="8" ind2=" " tag="024">
      <subfield code="a">https://hdl.handle.net/10630/36317</subfield>
   </datafield>
   <datafield tag="653" ind2=" " ind1=" ">
      <subfield code="a">Gestión de emergencias - Derecho</subfield>
   </datafield>
   <datafield ind2="0" ind1="0" tag="245">
      <subfield code="a">La participación de las Fuerzas Armadas en situaciones de catástrofe en el ámbito de la Unión Europea.</subfield>
   </datafield>
</record>
</metadata></record></GetRecord></OAI-PMH>